| 000 | 00700cam a22002537a 4500 | ||
|---|---|---|---|
| 003 | CHAP | ||
| 005 | 20220329135153.0 | ||
| 008 | 971013s r 00010 d | ||
| 010 | _a32073 | ||
| 011 | _a33045 | ||
| 035 | _a37160 | ||
| 040 | _cCHAP | ||
| 090 | _aR-13 | ||
| 100 | 0 | 0 |
_aNewton, H. C. E. _981103 |
| 245 | 1 | 4 | _aThe new poison bait for slugs and snails |
| 500 | _aSobretiro de : J. Board Green Keeping Res. 5 : 113-115, 1937 | ||
| 590 |
_aBATCH-UPD _b10 _c20130110 _lUCH01 _h1825 |
||
| 590 |
_aCONVERSION _b10 _c20130109 _lUCH01 _h1318 |
||
| 650 | 1 | 4 |
_aBabosas. _99251 |
| 650 | 1 | 4 |
_aCaracoles. _918764 |
| 901 | _aBK | ||
| 942 | _cREIMP | ||
| 949 |
_aR-13 _bBC _cR _d-85206 _eTS1 _i37160 _si |
||
| 999 |
_c32073 _d32073 |
||